Marte, el espejo rojo /
ISBN:
9788498039641
Descripción Física:
197 pàgines, 3 pàgines no numerades, 8 pàgines de làmines no numerades : il·lustracions en color ; 24 cm
Materias:
Centre de Cultura Contemporània de Barcelona -- Exposicions
; Mart (Planeta) -- Exposicions.
; Catàlegs d'exposicions
Idioma:
Español , English , Catalán
MARC
| LEADER | 00000cam a2200000 i 4500 | ||
|---|---|---|---|
| 001 | 25139 | ||
| 003 | AGDB | ||
| 005 | 20260324180725.0 | ||
| 008 | 210423s2021 spca||| |||||o0|0 0 spa c | ||
| 015 | |a LL2021 |2 bnc | ||
| 017 | |a DL B 1744-2021 |b Biblioteca de Catalunya | ||
| 020 | |a 9788498039641 | ||
| 035 | |a (ES-BaCBU).b75276811 | ||
| 040 | |a ES-BaBC |b cat |e rda |c ES-BaBC | ||
| 041 | 1 | |a spa |a eng |h cat | |
| 080 | |a 523.43 |x (083.824) |2 2004 | ||
| 245 | 0 | 0 | |a Marte, el espejo rojo / |c dirección: Juan Insua ; traducciones, Sabino Santos, Genara Sert i Mark Waudby |
| 264 | 1 | |a Barcelona : |b Centre de Cultura Contemporània de Barcelona : |b Diputació de Barcelona, |c [2021] | |
| 264 | 4 | |c ©2021 | |
| 300 | |a 197 pàgines, 3 pàgines no numerades, 8 pàgines de làmines no numerades : |b il·lustracions en color ; |c 24 cm | ||
| 336 | |a text |b txt |2 rdacontent | ||
| 336 | |a imatge fixa |b sti |2 rdacontent | ||
| 337 | |a sense mediació |b n |2 rdamedia | ||
| 338 | |a volum |b nc |2 rdacarrier | ||
| 500 | |a Catàleg de l'exposició celebrada al CCCB, Barcelona, del 25 de febrer al 11 de juliol del 2021 | ||
| 504 | |a Referències bibliogràfiques | ||
| 546 | |a Text en castellà i anglès | ||
| 610 | 2 | 0 | |9 56162 |a Centre de Cultura Contemporània de Barcelona |v Exposicions |
| 651 | 7 | |a Mart (Planeta) |v Exposicions. |2 lemac | |
| 655 | 0 | |9 69807 |a Catàlegs d'exposicions | |
| 700 | 1 | |a Insúa, Juan, |e organitzador | |
| 700 | 1 | |a Santos, Sabino, |e traductor | |
| 700 | 1 | |a Sert, Genara, |e traductor | |
| 700 | 1 | |a Waudby, Mark, |e traductor | |
| 710 | 2 | |a Centre de Cultura Contemporània de Barcelona |e entitat editora |9 52510 | |
| 710 | 1 | |a Barcelona (Catalunya : Província). |b Diputació |e entitat editora |9 52408 | |
| 730 | 0 | 2 | |i Contenidor de (expressió): |a Mart, el mirall vermell. |l Castellà |
| 730 | 0 | 2 | |i Contenidor de (expressió): |a Mart, el mirall vermell. |l Anglès |
| 907 | |a .b75276811 |b 23-04-21 |c 23-04-21 |d 23-04-21 |e m |f a |g - |h spa |i spc |j 0 |k 0 | ||
| 908 | |a BC | ||
| 940 | |a BC | ||
| 942 | |2 udc |c ARXIU |n 1 | ||
| 952 | |0 0 |1 0 |2 udc |4 0 |6 BIB411 |7 1 |9 60975 |a Arxiu |b Arxiu |d 2022-02-08 |o Bib-411 |p 25139 |r 2022-02-08 00:00:00 |w 2022-02-08 |y ARXIU | ||
| 999 | |c 81100 |d 81100 | ||